Mikolaj: Je to nedorozumenie minister vraj nechce siahať školám na zisky, chce len ...

Podrobná bibliografia
Hlavný autor: Krajanová, Daniela (Autor)
Médium: Článok
Jazyk:slovenčina
Fyzický popis:Fotogr.
ISSN:1335-440X
Predmet:

MARC

LEADER 00000nab a2200000 ar4500
001 vtls009356648
003 SK-MaSNL
005 20260426070517.0
008 081104c20080903xo dr|p|||||||000 b|slo
015 |a SNBRB2008/11  |2 snkbucl 
040 |a SNKBUCL  |b slo  |c SNKBUCL  |e AACR2 
041 0 |a slo 
044 |a xo  |c SK 
080 |a 37.058  |x (437.6)  |2 2001 
100 1 |a Krajanová, Daniela  |4 aut  |9 1038923 
245 1 0 |a Mikolaj: Je to nedorozumenie  |b minister vraj nechce siahať školám na zisky, chce len ...  |c Daniela Krajanová 
300 |b Fotogr. 
500 |a Od 15.1.2007 návrat k pôvodnému vročeniu 
650 0 7 |a školstvo  |2 snkbucl  |9 19712 
650 0 7 |a súkromné školy  |x zisky  |2 snkbucl  |9 1323287 
651 7 |a Slovensko  |2 snkbucl  |9 14231 
773 0 |t Sme  |g Roč. 16, č. 204 (3.9.2008), s. 8  |x 1335-440X 
852 |a SNK  |b KIS3GCP 
958 |a SK 
999 |c 2668313  |d 2670243